|
|
|
|
| LEADER |
00000nam0a2200000 4500 |
| 001 |
292246 |
| 005 |
20231102000457.0 |
| 035 |
|
|
|a (RuTPU)RU\TPU\book\316861
|
| 090 |
|
|
|a 292246
|
| 100 |
|
|
|a 20150421d1983 m y0rusy50 ca
|
| 101 |
0 |
|
|a rus
|
| 102 |
|
|
|a RU
|
| 105 |
|
|
|a a z 001zb
|
| 200 |
1 |
|
|a Сборник статей, материалов , воспоминаний
|f А. А. Юрлов
|g ред. -сост. И. Марисова
|
| 210 |
|
|
|a Москва
|c Советский композитор
|d 1983
|
| 215 |
|
|
|a 200 с.
|c ил.
|
| 320 |
|
|
|a Библиогр.: с. 194-198
|
| 600 |
|
1 |
|a Юрлов
|b А. А.
|c музыкальный и общественный деятель
|c дирижер
|d 1927-1973
|g Александр Александрович
|2 stltpush
|3 (RuTPU)RU\TPU\pers\37710
|
| 606 |
1 |
|
|a Дирижерское искусство
|2 stltpush
|3 (RuTPU)RU\TPU\subj\9587
|9 36805
|
| 610 |
1 |
|
|a музыка
|
| 610 |
1 |
|
|a хоровые коллективы
|
| 610 |
1 |
|
|a композиторы
|
| 610 |
1 |
|
|a музыканты
|
| 610 |
1 |
|
|a воспоминания
|
| 610 |
1 |
|
|a биографии
|
| 675 |
|
|
|a 78.071.2(092)
|v 3
|
| 700 |
|
1 |
|a Юрлов
|b А. А.
|c музыкальный и общественный деятель
|c дирижер
|d 1927-1973
|g Александр Александрович
|2 stltpush
|3 (RuTPU)RU\TPU\pers\37710
|
| 702 |
|
1 |
|a Марисова
|b И.
|4 340
|4 220
|
| 801 |
|
1 |
|a RU
|b 63413507
|c 20150421
|
| 801 |
|
2 |
|a RU
|b 63413507
|c 20161226
|g RCR
|
| 942 |
|
|
|c BK
|